Trees and flowers / (Record no. 32691)

MARC details
000 -LEADER
fixed length control field 02519nam a22003617a 4500
005 - DATE AND TIME OF LATEST TRANSACTION
control field 20091214093647.0
008 - FIXED-LENGTH DATA ELEMENTS--GENERAL INFORMATION
fixed length control field 091214t xxu||||| |||| 00| 0 eng d
010 ## - LCCN (DPL NO)
LC control number B-380519-529
020 ## - INTERNATIONAL STANDARD BOOK NUMBER
International Standard Book Number 9788184510225
Terms of availability 200.00
035 ## - SYSTEM CONTROL NUMBER
System control number B-380519-529
037 ## - SOURCE OF ACQUISITION
Source of stock number/acquisition UBH
040 ## - CATALOGING SOURCE
Original cataloging agency dpl
Language of cataloging English
082 ## - DEWEY DECIMAL CLASSIFICATION NUMBER
Classification number 503
245 ## - TITLE STATEMENT
Title Trees and flowers /
Statement of responsibility, etc compiled by Ruchi Batra
260 ## - PUBLICATION, DISTRIBUTION, ETC. (IMPRINT)
Place of publication, distribution, etc New Delhi
Name of publisher, distributor, etc Dreamland Publications
Date of publication, distribution, etc 2008
270 ## - ADDRESS
Address J-128, Kirti Nagar,
City New Delhi
Postal code 110015
300 ## - PHYSICAL DESCRIPTION
Extent 80p.:
Other physical details col. ill.
Dimensions 28cm(Hb)
490 ## - SERIES STATEMENT
Series statement Kid's first library of knowledge ; book-8
700 ## - ADDED ENTRY--PERSONAL NAME
Personal name Batra, Ruchi
942 ## - ADDED ENTRY ELEMENTS (KOHA)
Source of classification or shelving scheme Dewey Decimal Classification
Item type Children Books
Call number suffix TRE
Classification part 503
Holdings
Withdrawn status Lost status Source of classification or shelving scheme Damaged status Not for loan Collection code Home library Current library Date acquired Source of acquisition Cost, normal purchase price Total Checkouts Full call number Barcode Date last seen Copy number Cost, replacement price Koha item type Total Renewals Public note
    Dewey Decimal Classification     Non-fiction Bagh Kadhe Khan Bagh Kadhe Khan 25/05/2010 UBH /252/3.3.10/172/27.1.10/3.3.10 200.00   503 TRE B-380525 25/05/2010 1 200.00 Children Books    
    Dewey Decimal Classification     Non-fiction Bawana Bawana 25/05/2010 UBH /252/3.3.10/172/27.1.10/3.3.10 200.00 3 503 TRE B-380527 26/06/2019 1 200.00 Children Books    
  Written-off vide DLB M. No. 383 dt 16.05.19 Dewey Decimal Classification     Non-fiction Central Library Central Library 25/05/2010 UBH /252/3.3.10/172/27.1.10/3.3.10 200.00   503 TRE B-380519 25/05/2010 1 200.00 Children Books    
Withdrawn   Dewey Decimal Classification     Non-fiction Janak Puri Janak Puri 25/05/2010 UBH /252/3.3.10/172/27.1.10/3.3.10 200.00 35 503 TRE B-380521 19/08/2014 1 200.00 Children Books 2  
    Dewey Decimal Classification     Non-fiction Karol Bagh Karol Bagh 25/05/2010 UBH /252/3.3.10/172/27.1.10/3.3.10 200.00   503 TRE B-380524 25/05/2010 1 200.00 Children Books    
Written off   Dewey Decimal Classification     Non-fiction Narela Narela 25/05/2010 UBH /252/3.3.10/172/27.1.10/3.3.10 200.00   503 TRE B-380526 25/05/2010 1 200.00 Children Books   Written off on approval by DLB (By Circulation); dtd 20.12.2022
Withdrawn   Dewey Decimal Classification     Non-fiction Patel Nagar Patel Nagar 25/05/2010 UBH /252/3.3.10/172/27.1.10/3.3.10 200.00   503 TRE B-380520 25/05/2010 1 200.00 Children Books    
    Dewey Decimal Classification     Non-fiction R.C.Libraries (BL-IV) R.C.Libraries (BL-IV) 25/05/2010 UBH /252/3.3.10/172/27.1.10/3.3.10 200.00   503 TRE B-380529 25/05/2010 1 200.00 Children Books    
    Dewey Decimal Classification     Non-fiction Sarojini Nagar Sarojini Nagar 25/05/2010 UBH /252/3.3.10/172/27.1.10/3.3.10 200.00   503 TRE B-380522 25/05/2010 1 200.00 Children Books    
    Dewey Decimal Classification     Non-fiction Shahdara Branch Shahdara Branch 25/05/2010 UBH /252/3.3.10/172/27.1.10/3.3.10 200.00   503 TRE B-380528 25/05/2010 1 200.00 Children Books    
    Dewey Decimal Classification     Non-fiction Vinoba Puri Vinoba Puri 25/05/2010 UBH /252/3.3.10/172/27.1.10/3.3.10 200.00 12 503 TRE B-380523 13/02/2023 1 200.00 Children Books 1  

© Delhi Public Library
Hit Counter
free hit counter